000 00289nam a2200121Ia 4500
008 190216s9999||||xx |||||||||||||| ||und||
100 _aUmakanth Malavika
245 0 _aHindi-Hamare Rashtra Vyathika Ithihas
260 _bSurjit Prakashan
300 _a56
650 _aHindi
942 _cBK
999 _c16391
_d16391